|
|
|
|
| LEADER |
00000cam a2200000 7i4500 |
| 001 |
0000032203 |
| 005 |
20220105104052.0 |
| 008 |
120524 |
| 020 |
|
|
|a 0746091234
|
| 090 |
0 |
0 |
|a JP
|b ENG
|
| 245 |
1 |
4 |
|a The fox and the crow
|c retold by Mairi Mackinnon ; illustrated by Racio Martinez
|
| 260 |
|
|
|a England :
|b Usborne Publishing Ltd. ,
|c 2007
|
| 440 |
|
|
|a Usborne first reading : level one
|
| 500 |
|
|
|a Children age 4-6 years old (yellow)
|
| 650 |
|
0 |
|a Children fiction
|
| 650 |
|
0 |
|a English language
|x Readers
|x Fiction
|
| 700 |
1 |
|
|a Mackinnon, Mairi
|
| 700 |
1 |
|
|a Martinez, Racio
|
| 999 |
|
|
|a 0001063080
|b Book
|c Children Collection
|e Cawangan Taman Sri Lambak
|
| 999 |
|
|
|a 0001063081
|b Book
|c Children Collection
|e Cawangan Taman Sri Lambak
|
| 999 |
|
|
|a 0001132135
|b Book
|c Children Collection
|e Cawangan Taman Sri Lambak
|
| 999 |
|
|
|a 0001132137
|b Book
|c Children Collection
|e Cawangan Mersing
|
| 999 |
|
|
|a 0001132140
|b Book
|c Children Collection
|e Cawangan Segamat
|
| 999 |
|
|
|a 0001136861
|b Book
|c Children Collection
|e Cawangan Tmn. Ungku Tun Aminah
|
| 999 |
|
|
|a 0001136862
|b Book
|c Children Collection
|e Perbadanan Perpustakaan Awam Johor
|
| 999 |
|
|
|a 0001136863
|b Book
|c Children Collection
|e Perbadanan Perpustakaan Awam Johor
|
| 999 |
|
|
|a 0001136864
|b Book
|c Children Collection
|e Perbadanan Perpustakaan Awam Johor
|
| 999 |
|
|
|a 0001136865
|b Book
|c Children Collection
|e Cawangan Tmn. Ungku Tun Aminah
|